| 000 | 00626nam a2200193 4500 | ||
|---|---|---|---|
| 003 | OSt | ||
| 005 | 20240731012751.0 | ||
| 006 | a | ||
| 008 | 240731b |||||||| |||| 00| 0 eng d | ||
| 020 | _a9781605476278 | ||
| 040 |
_aDWCL-HMN lib. _cOC |
||
| 082 | _aCirc. 618.970231 L765 2011 | ||
| 245 | _aLippincott’s nursing guide to expert elder care / | ||
| 260 |
_aPhiladelphia : _bWolters Kluwer Health, Lippincott Williams & Wilkins, _cc2011. |
||
| 300 |
_aviii, _b424 p. : ill. ; _c23 cm. |
||
| 504 | _aIncludes bibliographical references & index. | ||
| 650 | _a1. Geriatric nursing. | ||
| 942 |
_2ddc _n0 _cBK-CIRC _kCirc. |
||
| 999 |
_c2992 _d2992 |
||